[Event "37. Open Barberá del Vallés 2014"]
[Site "Barberá del Vallés ESP"]
[Date "2014.07.10"]
[Round "7.37"]
[White "Soto Balastegui, Victor"]
[Black "Bernat, Ernest"]
[Result "0-1"]
[WhiteElo "1962"]
[BlackElo "2101"]
[PlyCount "44"]
[EventDate "2014.07.04"]
[EventType "swiss"]
[EventRounds "9"]
[EventCountry "ESP"]
[Source "lmi"]
[SourceDate "2014.07.04"]

1. d4 Nf6 2. c4 e6 3. Nc3 Bb4 4. Bg5 O-O 5. e3 c5 6. Qc2 h6 7. Bh4 cxd4 8. exd4
Nc6 9. O-O-O d5 10. Nf3 Be7 11. a3 a6 12. Ne5 Bd7 13. Bg3 dxc4 14. d5 exd5 15.
Nxd5 Nxd5 16. Rxd5 Nxe5 17. Bxe5 Qc8 18. Bxc4 Bf5 19. Bd3 Qe6 20. Ra5 Bxd3 21.
Qxd3 b5 22. Kb1 Qxe5 0-1

[Event "37. Open Barberá del Vallés 2014"]
[Site "Barberá del Vallés ESP"]
[Date "2014.07.10"]
[Round "7.38"]
[White "Estepa-Fonseca, Omar Maria"]
[Black "Basas Gamazo, Josep"]
[Result "0-1"]
[WhiteElo "1978"]
[BlackElo "2001"]
[PlyCount "68"]
[EventDate "2014.07.04"]
[EventType "swiss"]
[EventRounds "9"]
[EventCountry "ESP"]
[Source "lmi"]
[SourceDate "2014.07.04"]

1. d4 Nf6 2. c4 g6 3. g3 Bg7 4. Bg2 O-O 5. Nc3 d6 6. Nf3 Nbd7 7. O-O e5 8. e4
c6 9. h3 Qe7 10. Re1 exd4 11. Nxd4 Nc5 12. Bf4 Nfd7 13. b4 Ne6 14. Nxe6 Qxe6
15. Rc1 Ne5 16. Bxe5 dxe5 17. Qe2 Qe7 18. a3 a5 19. c5 Be6 20. Red1 axb4 21.
axb4 Ra3 22. Rd6 Bh6 23. Rc2 Rfa8 24. b5 R8a5 25. Nd5 cxd5 26. Rxe6 fxe6 27.
exd5 exd5 28. Bxd5+ Kh8 29. c6 bxc6 30. Bxc6 Rb3 31. Qc4 Rb4 32. Qd5 Bf8 33.
Kh2 Ra1 34. Bd7 Rd4 0-1

[Event "37. Open Barberá del Vallés 2014"]
[Site "Barberá del Vallés ESP"]
[Date "2014.07.10"]
[Round "7.39"]
[White "Simon Del Sol, Jaume"]
[Black "Las Heras Aixandri, Guillem"]
[Result "1-0"]
[WhiteElo "1986"]
[BlackElo "1646"]
[PlyCount "61"]
[EventDate "2014.07.04"]
[EventType "swiss"]
[EventRounds "9"]
[EventCountry "ESP"]
[Source "lmi"]
[SourceDate "2014.07.04"]

1. c4 d5 2. cxd5 Nf6 3. Nc3 Nxd5 4. g3 e5 5. Bg2 Be6 6. Nf3 Nc6 7. d3 Be7 8.
O-O h6 9. Bd2 O-O 10. a3 Nxc3 11. Bxc3 Bf6 12. Nd2 Bd5 13. Ne4 Be7 14. Rc1 f5
15. Nd2 Bg5 16. h4 Bxg2 17. Kxg2 Bxd2 18. Qb3+ Kh8 19. Bxd2 Nd4 20. Qd1 f4 21.
Bc3 Nxe2 22. Rc2 f3+ 23. Kh2 Qf6 24. Rxe2 fxe2 25. Qxe2 Rae8 26. Kg2 Qf5 27.
Qe3 e4 28. Qxh6+ Qh7 29. Bxg7+ Kg8 30. Qxh7+ Kxh7 31. Bxf8 1-0

[Event "37. Open Barberá del Vallés 2014"]
[Site "Barberá del Vallés ESP"]
[Date "2014.07.10"]
[Round "7.40"]
[White "Jimenez Ruano, Adrian"]
[Black "Clanchet Olle, Josep"]
[Result "1-0"]
[WhiteElo "1851"]
[BlackElo "1736"]
[PlyCount "55"]
[EventDate "2014.07.04"]
[EventType "swiss"]
[EventRounds "9"]
[EventCountry "ESP"]
[Source "lmi"]
[SourceDate "2014.07.04"]

1. d4 d5 2. c4 e6 3. Nf3 Nf6 4. Nc3 c5 5. e3 Nc6 6. Bd3 cxd4 7. exd4 dxc4 8.
Bxc4 Nd5 9. O-O Be7 10. Bxd5 exd5 11. Qb3 Bg4 12. Qxb7 Rc8 13. Ne5 Nxe5 14.
dxe5 d4 15. Qe4 Be6 16. Rd1 Bc5 17. Ne2 Bd5 18. Qg4 g6 19. Nxd4 h5 20. Qf4 h4
21. Nb5 Qa5 22. Nd6+ Bxd6 23. exd6 Be6 24. d7+ Bxd7 25. Qd4 O-O 26. Bh6 f6 27.
Bxf8 Rxf8 28. Qxd7 1-0

[Event "37. Open Barberá del Vallés 2014"]
[Site "Barberá del Vallés ESP"]
[Date "2014.07.11"]
[Round "8.1"]
[White "Grigoryan, Karen H"]
[Black "Ghosh, Diptayan"]
[Result "1-0"]
[WhiteElo "2592"]
[BlackElo "2468"]
[PlyCount "89"]
[EventDate "2014.07.04"]
[EventType "swiss"]
[EventRounds "9"]
[EventCountry "ESP"]
[Source "lmi"]
[SourceDate "2014.07.04"]

1. d4 d5 2. c4 c6 3. Nc3 Nf6 4. e3 a6 5. Qc2 g6 6. Bd3 Bg7 7. Nf3 O-O 8. O-O
Bg4 9. Ne5 Be6 10. b3 c5 11. Ne2 dxc4 12. bxc4 Ng4 13. Nxg4 Bxg4 14. Rb1 Nc6
15. dxc5 Rb8 16. Ba3 Qa5 17. Rb3 Ne5 18. Be4 Bd7 19. Nc3 e6 20. c6 Nxc6 21.
Bxf8 Bxf8 22. Rfb1 Qc7 23. Nd5 Qd8 24. Nb6 Be8 25. c5 Qg5 26. Rc1 Rd8 27. g3 h5
28. h4 Qe5 29. Bg2 Qc7 30. Qb1 Ne5 31. Nc4 Qxc5 32. Nxe5 Qxe5 33. Rxb7 Bb5 34.
Rd1 Rc8 35. Qe4 Qc3 36. Qf4 Be8 37. Rb8 Rxb8 38. Qxb8 Bb5 39. Rd8 Qa3 40. Rc8
Kg7 41. Qe5+ Kg8 42. Qf6 Qxa2 43. Be4 Qd2 44. Bxg6 Qd7 45. Bh7+ 1-0

[Event "37. Open Barberá del Vallés 2014"]
[Site "Barberá del Vallés ESP"]
[Date "2014.07.11"]
[Round "8.2"]
[White "Gomez Garrido, Camilo Ernesto"]
[Black "Saptarshi, Roy"]
[Result "1-0"]
[WhiteElo "2495"]
[BlackElo "2449"]
[PlyCount "93"]
[EventDate "2014.07.04"]
[EventType "swiss"]
[EventRounds "9"]
[EventCountry "ESP"]
[Source "lmi"]
[SourceDate "2014.07.04"]

1. e4 e5 2. Nf3 Nc6 3. Bb5 a6 4. Ba4 Nge7 5. Nc3 g6 6. d4 exd4 7. Nd5 Nxd5 8.
exd5 Qe7+ 9. Kf1 Ne5 10. Bf4 Bg7 11. Qxd4 f6 12. Re1 O-O 13. Nxe5 fxe5 14. Bxe5
Bxe5 15. Rxe5 Qd6 16. Bb3 a5 17. a4 b5 18. axb5 a4 19. Ba2 a3 20. b4 Rb8 21. c4
Qxb4 22. d6 c5 23. Rxc5 Qb2 24. Qxb2 axb2 25. Ke2 Ra8 26. Bb1 Re8+ 27. Kd2 Re6
28. f3 Rxd6+ 29. Kc3 Bb7 30. Rc7 Rb8 31. Re1 Kf8 32. Re2 Rd1 33. Kxb2 Rh1 34.
h3 Bd5 35. Bd3 Be6 36. Ra7 Ke7 37. c5 Kf6 38. Ra1 Rxa1 39. Kxa1 Rc8 40. b6 Bd5
41. Rc2 Ke5 42. Kb2 Bb7 43. Kb3 Bc6 44. Kb4 Bb7 45. Bb5 Rd8 46. Rd2 Bd5 47. c6
1-0

[Event "37. Open Barberá del Vallés 2014"]
[Site "Barberá del Vallés ESP"]
[Date "2014.07.11"]
[Round "8.3"]
[White "Peralta, Fernando"]
[Black "Lorenzo De La Riva, Lazaro"]
[Result "1-0"]
[WhiteElo "2596"]
[BlackElo "2426"]
[PlyCount "76"]
[EventDate "2014.07.04"]
[EventType "swiss"]
[EventRounds "9"]
[EventCountry "ESP"]
[Source "lmi"]
[SourceDate "2014.07.04"]

1. Nf3 Nf6 2. c4 g6 3. Nc3 Bg7 4. e4 d6 5. d4 O-O 6. h3 e5 7. d5 Nh5 8. g3 a5
9. Nh2 Na6 10. Be2 Nf6 11. Ng4 h5 12. Nxf6+ Qxf6 13. Be3 Qe7 14. Qd2 Nc5 15.
O-O-O a4 16. Rdg1 b6 17. h4 f5 18. exf5 Bxf5 19. g4 hxg4 20. Bxg4 a3 21. Bxf5
axb2+ 22. Kb1 gxf5 23. Bg5 Qd7 24. Bh6 Rf7 25. Rg6 Re8 26. Rhg1 Ree7 27. Bg5
Kh7 28. Bxe7 Qxe7 29. Qd1 Qxh4 30. Rh1 Qxh1 31. Rxg7+ Rxg7 32. Qxh1+ Kg6 33. f3
Nd3 34. Kc2 Nc5 35. Kxb2 Rh7 36. Qg2+ Kf6 37. Qg3 Nd3+ 38. Kc2 Nc5 1-0

[Event "37. Open Barberá del Vallés 2014"]
[Site "Barberá del Vallés ESP"]
[Date "2014.07.11"]
[Round "8.4"]
[White "Sagar, Shah"]
[Black "Narciso Dublan, Marc"]
[Result "0-1"]
[WhiteElo "2314"]
[BlackElo "2523"]
[PlyCount "116"]
[EventDate "2014.07.04"]
[EventType "swiss"]
[EventRounds "9"]
[EventCountry "ESP"]
[Source "lmi"]
[SourceDate "2014.07.04"]

1. d4 f5 2. Nf3 e6 3. c4 Nf6 4. Nc3 Bb4 5. Bd2 O-O 6. g3 d5 7. Qb3 Be7 8. Bg2
c6 9. Bf4 Nbd7 10. O-O h6 11. Qc2 g5 12. Bd2 Ne4 13. Nxe4 dxe4 14. Ne5 Nxe5 15.
dxe5 Bd7 16. c5 Qc7 17. Rad1 Rad8 18. b4 Qxe5 19. Bc3 Qc7 20. Qb2 Be8 21. Be5
Qc8 22. f3 exf3 23. Bxf3 Bg6 24. Bd6 Bxd6 25. cxd6 Qd7 26. Qe5 a6 27. e4 Rde8
28. Be2 b5 29. Bf3 Kh7 30. exf5 Rxf5 31. Qc3 Rc8 32. Kg2 c5 33. g4 Rf4 34. bxc5
Rc4 35. Qf6 R8xc5 36. Rfe1 e5 37. Rxe5 Rxg4+ 38. Kh1 Rxe5 39. Qxe5 Rf4 40. Rc1
Rc4 41. Rd1 Rc8 42. Qe7+ Qxe7 43. dxe7 Kg7 44. Rd6 Re8 45. Re6 Kf7 46. Bd5 Rxe7
47. Rxa6+ Kg7 48. Rb6 Bd3 49. Kg2 h5 50. h3 h4 51. Bf3 Ra7 52. Bd5 Rc7 53. Kf3
Bf5 54. Rxb5 Rc3+ 55. Kf2 Bxh3 56. Be4 g4 57. Rh5 g3+ 58. Ke1 Re3+ 0-1

[Event "37. Open Barberá del Vallés 2014"]
[Site "Barberá del Vallés ESP"]
[Date "2014.07.11"]
[Round "8.5"]
[White "Cruz, Jonathan"]
[Black "Das, Sayantan"]
[Result "1/2-1/2"]
[WhiteElo "2471"]
[BlackElo "2381"]
[PlyCount "73"]
[EventDate "2014.07.04"]
[EventType "swiss"]
[EventRounds "9"]
[EventCountry "ESP"]
[Source "lmi"]
[SourceDate "2014.07.04"]

1. c4 c5 2. g3 Nc6 3. Bg2 g6 4. Nc3 Bg7 5. a3 d6 6. Rb1 e6 7. b4 Nge7 8. Nf3
O-O 9. O-O b6 10. e3 Bb7 11. Qa4 Qd7 12. d4 Rad8 13. Rd1 Qc8 14. Bb2 cxd4 15.
exd4 Qa8 16. d5 exd5 17. Nxd5 Bxb2 18. Rxb2 Nxd5 19. cxd5 Ne7 20. Rbd2 Nxd5 21.
Qb3 Nc7 22. Rxd6 Ne6 23. h4 Rxd6 24. Rxd6 Rd8 25. Rxd8+ Nxd8 26. Qc3 Be4 27.
Qf6 Qd5 28. h5 Qd1+ 29. Kh2 Ne6 30. hxg6 hxg6 31. Ne5 Qh5+ 32. Kg1 Qd1+ 33. Bf1
Nd8 34. Qe7 Bf5 35. Qxa7 Bh3 36. Qa6 Qa1 37. Qd3 1/2-1/2

[Event "37. Open Barberá del Vallés 2014"]
[Site "Barberá del Vallés ESP"]
[Date "2014.07.11"]
[Round "8.6"]
[White "Aroshidze, Levan"]
[Black "Radovanovic, Jovica"]
[Result "1-0"]
[WhiteElo "2565"]
[BlackElo "2330"]
[PlyCount "121"]
[EventDate "2014.07.04"]
[EventType "swiss"]
[EventRounds "9"]
[EventCountry "ESP"]
[Source "lmi"]
[SourceDate "2014.07.04"]

1. e4 e5 2. Nf3 Nc6 3. Bb5 a6 4. Ba4 Nf6 5. O-O Nxe4 6. d4 b5 7. Bb3 d5 8. dxe5
Be6 9. Nbd2 Nc5 10. c3 Be7 11. Bc2 Bg4 12. Re1 Qd7 13. Nb3 Rd8 14. Nxc5 Bxc5
15. Bg5 Be7 16. Bf4 O-O 17. Qd3 g6 18. Rad1 d4 19. Qe2 Qe6 20. h3 Bxf3 21. Qxf3
dxc3 22. bxc3 Rxd1 23. Bxd1 Na5 24. Qg3 Nc4 25. h4 Nd6 26. Bb3 Nc4 27. Bxc4
bxc4 28. h5 Qf5 29. h6 Rd8 30. Qe3 Rd3 31. Qe4 Rd1 32. Qa8+ Rd8 33. Qf3 Rd3 34.
Be3 Qxf3 35. gxf3 Rxc3 36. Rb1 Rd3 37. Rb8+ Rd8 38. Rb7 Rd7 39. Ra7 f6 40. e6
Rd6 41. Ra8+ Rd8 42. Rxd8+ Bxd8 43. Bc5 c3 44. e7 Bxe7 45. Bxe7 Kf7 46. Bb4 c2
47. Bd2 g5 48. f4 Kg6 49. fxg5 fxg5 50. f4 g4 51. Kg2 Kxh6 52. Kg3 Kh5 53. f5
c5 54. Bc1 c4 55. Be3 a5 56. a4 h6 57. Bc1 c3 58. Be3 c1=Q 59. Bxc1 c2 60. Kg2
g3 61. Kh3 1-0

[Event "37. Open Barberá del Vallés 2014"]
[Site "Barberá del Vallés ESP"]
[Date "2014.07.11"]
[Round "8.7"]
[White "Akshat, Khamparia"]
[Black "Gonzalez Perez, Arian"]
[Result "1/2-1/2"]
[WhiteElo "2367"]
[BlackElo "2494"]
[PlyCount "168"]
[EventDate "2014.07.04"]
[EventType "swiss"]
[EventRounds "9"]
[EventCountry "ESP"]
[Source "lmi"]
[SourceDate "2014.07.04"]

1. d4 d5 2. c4 c6 3. Nf3 Nf6 4. Nc3 dxc4 5. a4 Bf5 6. e3 e6 7. Bxc4 Bb4 8. O-O
O-O 9. Nh4 Bg4 10. Ne2 Nd5 11. f3 Bh5 12. g4 Bg6 13. Ng2 c5 14. e4 Nb6 15. Bd3
Nc6 16. f4 f6 17. f5 Bf7 18. fxe6 Bxe6 19. d5 Ne5 20. h3 Bf7 21. Bc2 Nbc4 22.
Ng3 Nd6 23. Bd2 Bxd2 24. Qxd2 Qb6 25. Qc3 Qb4 26. Nf4 Rfe8 27. Qxb4 cxb4 28.
Rf2 Rac8 29. Nf5 Nec4 30. Re1 Re5 31. Nd3 Ree8 32. Nxb4 Nxf5 33. gxf5 Nxb2 34.
Kf1 Rc3 35. a5 Rxh3 36. Kg2 Rc3 37. a6 bxa6 38. Rfe2 a5 39. Nc6 a4 40. Nd4 a6
41. Ne6 Rec8 42. d6 Be8 43. Bb1 Nc4 44. Ba2 Ne5 45. Rd1 Kh8 46. Nf8 Rc2 47.
Rdd2 Rxd2 48. Rxd2 a3 49. Kf2 Rb8 50. d7 Bxd7 51. Nxd7 Rd8 52. Be6 Nxd7 53. Ke1
g5 54. Kd1 Kg7 55. Ke2 h5 56. Bxd7 a2 57. Rxa2 Rxd7 58. Rxa6 Re7 59. Kf3 Kf7
60. Ke3 Rb7 61. Rc6 h4 62. Kf3 Rb3+ 63. Kg4 Rg3+ 64. Kh5 h3 65. Rc7+ Ke8 66.
Kg6 g4 67. Rh7 Rg2 68. Kxf6 h2 69. e5 g3 70. e6 Kd8 71. e7+ Kd7 72. Kf7 Re2 73.
f6 Re6 74. Rh8 g2 75. Rxh2 g1=Q 76. Rd2+ Kc6 77. Kxe6 Qg8+ 78. Kf5 Qh7+ 79. Ke5
Qh5+ 80. Ke6 Qh3+ 81. Kf7 Qh7+ 82. Kf8 Qh6+ 83. Kf7 Qh7+ 84. Kf8 Qh6+ 1/2-1/2

[Event "37. Open Barberá del Vallés 2014"]
[Site "Barberá del Vallés ESP"]
[Date "2014.07.11"]
[Round "8.8"]
[White "Munoz Pantoja, Miguel"]
[Black "Palit, Somak"]
[Result "0-1"]
[WhiteElo "2457"]
[BlackElo "2411"]
[PlyCount "272"]
[EventDate "2014.07.04"]
[EventType "swiss"]
[EventRounds "9"]
[EventCountry "ESP"]
[Source "lmi"]
[SourceDate "2014.07.04"]

1. e4 c5 2. Nf3 Nf6 3. e5 Nd5 4. Nc3 Nc7 5. d4 cxd4 6. Qxd4 Nc6 7. Qe4 g6 8. h4
Bg7 9. Bc4 b5 10. Bb3 Bb7 11. Nxb5 Nxb5 12. Qd5 Qa5+ 13. Bd2 e6 14. Qd3 Qb6 15.
Be3 Qc7 16. Qxb5 Nxe5 17. Nxe5 Bxe5 18. O-O-O Bxg2 19. Rxd7 a6 20. Rxc7+ axb5
21. Rc5 Bxb2+ 22. Kxb2 Bxh1 23. Rxb5 Kd7 24. Bf4 Rhc8 25. a4 f6 26. Rb4 Bd5 27.
Rd4 Ke8 28. Rb4 Ra7 29. c4 Rb7 30. Rb5 Bc6 31. Ka3 e5 32. Be3 Kd7 33. Kb4 f5
34. a5 f4 35. Bb6 Bxb5 36. Kxb5 e4 37. c5 e3 38. fxe3 fxe3 39. Bd1 h5 40. Bf3
Rxb6+ 41. axb6 Rf8 42. c6+ Kc8 43. Be2 Rf2 44. Bc4 Rf5+ 45. Ka6 Rc5 46. Ka7
Ra5+ 47. Ba6+ Rxa6+ 48. Kxa6 e2 49. b7+ Kc7 50. Ka7 e1=Q 51. b8=Q+ Kxc6 52.
Qc8+ Kd5 53. Qd7+ Kc4 54. Qc6+ Kb3 55. Qxg6 Qxh4 56. Qd3+ Kb4 57. Qd2+ Kc5 58.
Qa5+ Kc6 59. Qb6+ Kd7 60. Qb5+ Ke7 61. Qe5+ Kf7 62. Qf5+ Ke8 63. Qb5+ Kf8 64.
Qf5+ Kg7 65. Qe5+ Kg6 66. Qe8+ Kf5 67. Qf7+ Kg4 68. Qe6+ Kf3 69. Qf5+ Kg3 70.
Qd3+ Kg2 71. Qd5+ Kf2 72. Qf5+ Kg1 73. Qb1+ Kg2 74. Qb7+ Kh2 75. Qf3 Qg4 76.
Qf2+ Kh1 77. Ka6 h4 78. Qf1+ Kh2 79. Qf2+ Kh3 80. Kb5 Qg3 81. Qf1+ Kh2 82. Qe2+
Kh3 83. Qe6+ Qg4 84. Qe3+ Kg2 85. Qd2+ Kf1 86. Qc1+ Kf2 87. Qc5+ Kg2 88. Qc2+
Kg3 89. Qc3+ Qf3 90. Qe1+ Kg4 91. Qg1+ Kf5 92. Qc5+ Kg6 93. Qd6+ Qf6 94. Qh2
Qf5+ 95. Kc4 Qe4+ 96. Kc3 Qe3+ 97. Kc2 h3 98. Qd6+ Kg5 99. Kd1 Kg4 100. Qg6+
Kf3 101. Qf5+ Kg2 102. Qg4+ Qg3 103. Qe2+ Kg1 104. Qe4 h2 105. Qd4+ Kg2 106.
Qd2+ Qf2 107. Qg5+ Kh1 108. Qd5+ Qg2 109. Qf5 Kg1 110. Qc5+ Qf2 111. Qg5+ Kf1
112. Qb5+ Kg2 113. Qg5+ Qg3 114. Qd2+ Kf1 115. Qd5 Qg4+ 116. Kc1 Qg1 117. Qf3+
Ke1 118. Qe4+ Kf2+ 119. Kd2 h1=Q 120. Qe3+ Kg2 121. Qg5+ Kf1 122. Qb5+ Kf2 123.
Qc5+ Kf3 124. Qf5+ Kg3 125. Qg5+ Kf2 126. Qe3+ Kg2 127. Qg5+ Kh3 128. Qh5+ Kg2
129. Qg4+ Kf2 130. Qe2+ Kg3 131. Qe5+ Kg4 132. Qg7+ Kf5 133. Qf7+ Ke5 134. Qe7+
Kd5 135. Qb7+ Kc5 136. Qc7+ Qc6 0-1

[Event "37. Open Barberá del Vallés 2014"]
[Site "Barberá del Vallés ESP"]
[Date "2014.07.11"]
[Round "8.9"]
[White "Gomez Ledo, Roberto Carlos"]
[Black "Sanchez Enriquez, Oscar Gerard"]
[Result "1/2-1/2"]
[WhiteElo "2429"]
[BlackElo "2401"]
[PlyCount "60"]
[EventDate "2014.07.04"]
[EventType "swiss"]
[EventRounds "9"]
[EventCountry "ESP"]
[Source "lmi"]
[SourceDate "2014.07.04"]

1. d4 Nf6 2. c4 e6 3. Nc3 Bb4 4. f3 d5 5. a3 Be7 6. c5 O-O 7. e3 b6 8. b4 a5 9.
Rb1 axb4 10. axb4 bxc5 11. bxc5 Ba6 12. Bxa6 Rxa6 13. Qd3 Ra5 14. Nge2 Nc6 15.
O-O e5 16. Bd2 Ra3 17. Be1 Re8 18. Bf2 Qd7 19. Qc2 Bf8 20. Rb3 Rxb3 21. Qxb3
Rb8 22. Qa4 Rb4 23. Qa2 h6 24. Rb1 Rxb1+ 25. Qxb1 exd4 26. exd4 Na5 27. Qb8 Nc4
28. h3 c6 29. Qa8 Qe8 30. Qxe8 Nxe8 1/2-1/2

[Event "37. Open Barberá del Vallés 2014"]
[Site "Barberá del Vallés ESP"]
[Date "2014.07.11"]
[Round "8.10"]
[White "Oliva Castaneda, Kevel"]
[Black "Vehi Bach, Victor Manuel"]
[Result "1-0"]
[WhiteElo "2419"]
[BlackElo "2313"]
[PlyCount "75"]
[EventDate "2014.07.04"]
[EventType "swiss"]
[EventRounds "9"]
[EventCountry "ESP"]
[Source "lmi"]
[SourceDate "2014.07.04"]

1. Nf3 e6 2. g3 d5 3. Bg2 g6 4. O-O Bg7 5. d4 Ne7 6. Nbd2 Nbc6 7. c3 e5 8. dxe5
Nxe5 9. Nxe5 Bxe5 10. e4 dxe4 11. Nxe4 Qxd1 12. Rxd1 O-O 13. Bg5 Nc6 14. Re1 f5
15. Nd2 Bf6 16. Bf4 Bd7 17. Bxc7 Rfe8 18. Nb3 Rxe1+ 19. Rxe1 Rc8 20. Bf4 b6 21.
Rd1 Be6 22. Rd6 Nd8 23. Nd4 Bxd4 24. Rxd4 Bxa2 25. Ra4 Bb3 26. Rxa7 Ne6 27. Be3
Rd8 28. Bf3 g5 29. Ra8 Rxa8 30. Bxa8 b5 31. Bc6 Bc4 32. b3 Bxb3 33. Bxb5 f4 34.
Bb6 f3 35. Kf1 g4 36. c4 Kf7 37. Ke1 Ke7 38. Kd2 1-0

[Event "37. Open Barberá del Vallés 2014"]
[Site "Barberá del Vallés ESP"]
[Date "2014.07.11"]
[Round "8.11"]
[White "Sardana, Rishi"]
[Black "Mascaro March, Pedro"]
[Result "1-0"]
[WhiteElo "2363"]
[BlackElo "2417"]
[PlyCount "51"]
[EventDate "2014.07.04"]
[EventType "swiss"]
[EventRounds "9"]
[EventCountry "ESP"]
[Source "lmi"]
[SourceDate "2014.07.04"]

1. e4 e6 2. d4 d5 3. Nd2 dxe4 4. Nxe4 Bd7 5. Nf3 Bc6 6. Bd3 Nd7 7. O-O Ngf6 8.
Ng3 Be7 9. c3 O-O 10. Re1 b6 11. Bf4 Bb7 12. Ne5 c5 13. Nxd7 Qxd7 14. Be5 Qc6
15. Bf1 Nd7 16. Qg4 g6 17. Rad1 Nxe5 18. dxe5 Rfd8 19. Nh5 Qc7 20. Nf6+ Kg7 21.
Qf4 Rxd1 22. Rxd1 Rd8 23. Rd3 h6 24. Rd7 Qxd7 25. Nxd7 Rxd7 26. Qa4 1-0

[Event "37. Open Barberá del Vallés 2014"]
[Site "Barberá del Vallés ESP"]
[Date "2014.07.11"]
[Round "8.12"]
[White "Aloma Vidal, Robert"]
[Black "Diaz Camallonga, Carles"]
[Result "1-0"]
[WhiteElo "2406"]
[BlackElo "2235"]
[PlyCount "93"]
[EventDate "2014.07.04"]
[EventType "swiss"]
[EventRounds "9"]
[EventCountry "ESP"]
[Source "lmi"]
[SourceDate "2014.07.04"]

1. d4 Nf6 2. Bg5 e6 3. e4 h6 4. Bxf6 Qxf6 5. c3 d6 6. Bd3 c5 7. Ne2 e5 8. O-O
g6 9. Na3 Nc6 10. Bc4 Bg7 11. Nb5 O-O 12. dxc5 dxc5 13. Qd6 a6 14. Qxf6 Bxf6
15. Nd6 Be7 16. Rfd1 Na5 17. Nxc8 Raxc8 18. Bd5 b5 19. b3 Rfd8 20. Kf1 Rc7 21.
Ng1 Kg7 22. Nf3 Kf6 23. Ke2 Rb8 24. h4 h5 25. g3 Bf8 26. g4 hxg4 27. Nh2 Bg7
28. Nxg4+ Ke7 29. h5 Rh8 30. hxg6 fxg6 31. Rd3 Rh4 32. Rg3 Rd7 33. Ne3 Rd6 34.
a4 b4 35. cxb4 cxb4 36. Rc1 Bh6 37. Rc5 Nxb3 38. Bxb3 Rxe4 39. Bc2 Bxe3 40.
Rxe3 Rxe3+ 41. Kxe3 Kf6 42. a5 e4 43. Bxe4 Rd1 44. Rc6+ Ke7 45. Rxa6 Ra1 46.
Bxg6 b3 47. Rb6 1-0

[Event "37. Open Barberá del Vallés 2014"]
[Site "Barberá del Vallés ESP"]
[Date "2014.07.11"]
[Round "8.13"]
[White "Ramirez Garcia, Jorge Alberto"]
[Black "Cruz, Filemon"]
[Result "1/2-1/2"]
[WhiteElo "2260"]
[BlackElo "2412"]
[PlyCount "106"]
[EventDate "2014.07.04"]
[EventType "swiss"]
[EventRounds "9"]
[EventCountry "ESP"]
[Source "lmi"]
[SourceDate "2014.07.04"]

1. e4 e6 2. d4 d5 3. Nc3 Nf6 4. exd5 exd5 5. Bg5 Be7 6. Bd3 Nc6 7. Nge2 Nb4 8.
Ng3 h6 9. Bf4 O-O 10. O-O Bd6 11. Nce2 Re8 12. c3 Nxd3 13. Qxd3 Ne4 14. Rfe1 c6
15. f3 Nxg3 16. Bxg3 Bf8 17. Nf4 Bd7 18. Rxe8 Qxe8 19. Re1 Qd8 20. Qc2 Qb6 21.
Nh5 Re8 22. Rxe8 Bxe8 23. Qe2 Bd7 24. Bf4 c5 25. Be3 Qg6 26. g4 Qb1+ 27. Kg2
Qxa2 28. dxc5 a6 29. Bxh6 Bb5 30. Qe5 Qxb2+ 31. Kg3 Qe2 32. Bxg7 Qxe5+ 33. Bxe5
Bxc5 34. Nf6+ Kf8 35. h4 Bc6 36. h5 Be7 37. h6 Bxf6 38. Bxf6 Kg8 39. Bd8 Kh7
40. g5 Ba4 41. Kf4 Bd7 42. Ke3 Kg6 43. f4 Ba4 44. Kd4 a5 45. Bxa5 f6 46. gxf6
Kxh6 47. Kxd5 Kh7 48. c4 Bb3 49. Kc5 Kg6 50. Bd8 Kf7 51. Kb5 Bd1 52. Kb6 Bf3
53. Kc7 Bg2 1/2-1/2

[Event "37. Open Barberá del Vallés 2014"]
[Site "Barberá del Vallés ESP"]
[Date "2014.07.11"]
[Round "8.14"]
[White "Matnadze, Ana"]
[Black "Martinez Alcantara, Jose Eduar"]
[Result "1-0"]
[WhiteElo "2389"]
[BlackElo "2295"]
[PlyCount "91"]
[EventDate "2014.07.04"]
[EventType "swiss"]
[EventRounds "9"]
[EventCountry "ESP"]
[Source "lmi"]
[SourceDate "2014.07.04"]

1. d4 Nf6 2. Nf3 g6 3. g3 Bg7 4. Bg2 O-O 5. O-O d5 6. c4 c6 7. Nc3 dxc4 8. e4
Bg4 9. Be3 e5 10. h3 Bxf3 11. Bxf3 exd4 12. Bxd4 Nfd7 13. Be2 Bxd4 14. Qxd4 Nb6
15. Qe3 N8d7 16. Rad1 Qe7 17. Rd4 Rfd8 18. Rfd1 Ne5 19. a4 Nd3 20. Rxd8+ Rxd8
21. a5 Nc8 22. Bxd3 cxd3 23. Rxd3 Rxd3 24. Qxd3 Qc7 25. b4 Qd6 26. Qxd6 Nxd6
27. Kf1 Kf8 28. Ke2 Ke7 29. Kd3 f6 30. f4 b6 31. Kd4 Kd7 32. a6 b5 33. g4 Ne8
34. e5 f5 35. Ne2 Nc7 36. gxf5 gxf5 37. Ng3 Ke6 38. Nh5 Kf7 39. Kc5 Kg6 40.
Kxc6 Ne6 41. Kd6 Kf7 42. Kd7 Nf8+ 43. Kc6 Ne6 44. Kd6 h6 45. h4 Nf8 46. Ng3 1-0

[Event "37. Open Barberá del Vallés 2014"]
[Site "Barberá del Vallés ESP"]
[Date "2014.07.11"]
[Round "8.15"]
[White "Dalo, Hermes"]
[Black "Ruiz C, Joshua D"]
[Result "0-1"]
[WhiteElo "2226"]
[BlackElo "2374"]
[PlyCount "70"]
[EventDate "2014.07.04"]
[EventType "swiss"]
[EventRounds "9"]
[EventCountry "ESP"]
[Source "lmi"]
[SourceDate "2014.07.04"]

1. d4 Nf6 2. c4 e6 3. Nc3 Bb4 4. e3 O-O 5. Bd3 b6 6. Nge2 Bb7 7. O-O d5 8. cxd5
exd5 9. Ng3 Re8 10. Qc2 c5 11. a3 Ba5 12. Bb5 Nbd7 13. Rd1 Rc8 14. dxc5 bxc5
15. Nce2 Bc7 16. Qf5 a6 17. Ba4 Re5 18. Qh3 Rb8 19. e4 Nf8 20. f4 Bc8 21. fxe5
Bxh3 22. exf6 Bg4 23. fxg7 Ne6 24. Rxd5 Qh4 25. Bd1 Bxe2 26. Bxe2 Bxg3 27. hxg3
Qxe4 28. Bf3 Qe1+ 29. Kh2 Nd4 30. b4 Nxf3+ 31. gxf3 Re8 32. Rxc5 Qf2+ 33. Kh3
Qxf3 34. Bb2 h5 35. Re1 Qg4+ 0-1

[Event "37. Open Barberá del Vallés 2014"]
[Site "Barberá del Vallés ESP"]
[Date "2014.07.11"]
[Round "8.16"]
[White "Bergez, Luc"]
[Black "Garriga Cazorla, Pere"]
[Result "0-1"]
[WhiteElo "2368"]
[BlackElo "2222"]
[PlyCount "98"]
[EventDate "2014.07.04"]
[EventType "swiss"]
[EventRounds "9"]
[EventCountry "ESP"]
[Source "lmi"]
[SourceDate "2014.07.04"]

1. Nf3 Nf6 2. c4 g6 3. Nc3 Bg7 4. g3 O-O 5. Bg2 c6 6. d4 d5 7. cxd5 cxd5 8. Ne5
Nc6 9. O-O e6 10. Bg5 h6 11. Bf4 Nd7 12. Nxc6 bxc6 13. Rc1 e5 14. Be3 e4 15.
Na4 Nb6 16. Nxb6 Qxb6 17. Qd2 Kh7 18. Rc3 Bd7 19. Rb3 Qa6 20. Rc1 Rfb8 21. Rxb8
Rxb8 22. Bf4 Re8 23. b3 Qb6 24. Be3 a5 25. h4 Ra8 26. Kh2 a4 27. b4 a3 28. Rb1
Ra4 29. Qc3 Bf8 30. Bd2 Bg7 31. e3 Bf8 32. Qb3 Ra7 33. Rc1 Kg7 34. Rc5 Bxc5 35.
dxc5 Qb5 36. Kg1 Bg4 37. Bc3+ f6 38. Qb1 Qe2 39. Bf1 Qd1 40. Qxd1 Bxd1 41. b5
cxb5 42. c6 Ba4 43. Bb4 Rc7 44. Bxa3 Rxc6 45. Bb4 Rc1 46. f4 exf3 47. a3 Bd1
48. Kf2 Rc2+ 49. Ke1 Be2 0-1

[Event "37. Open Barberá del Vallés 2014"]
[Site "Barberá del Vallés ESP"]
[Date "2014.07.11"]
[Round "8.17"]
[White "Hernando Rodrigo, Julio Antoni"]
[Black "Pozanco Romasanta, Marc"]
[Result "1-0"]
[WhiteElo "2332"]
[BlackElo "2088"]
[PlyCount "57"]
[EventDate "2014.07.04"]
[EventType "swiss"]
[EventRounds "9"]
[EventCountry "ESP"]
[Source "lmi"]
[SourceDate "2014.07.04"]

1. d4 Nf6 2. Nf3 e6 3. c4 Bb4+ 4. Bd2 a5 5. g3 O-O 6. Bg2 d6 7. Nc3 Nbd7 8. Qc2
e5 9. a3 Bxc3 10. Bxc3 exd4 11. Nxd4 a4 12. Nb5 Re8 13. O-O Ne5 14. Rad1 Re6
15. h3 Nfd7 16. Be1 Nc5 17. Bb4 Ned7 18. f4 Re3 19. Bf3 Rxf3 20. exf3 b6 21.
Bc3 Nb8 22. Rfe1 Be6 23. Bd4 Nc6 24. Bf2 Na5 25. Bxc5 bxc5 26. Qxa4 Bxc4 27.
Nxc7 Bb3 28. Qb5 Bxd1 29. Nxa8 1-0